Pays à trouver 6 - Statistiques

Statistiques générales
  • Ce quiz a été pris 239 fois
  • Le résultat moyen est 20 sur 26
Statistiques - réponses
Réponse % Correct
Allemagne
96%
Espagne
94%
Danemark
91%
Albanie
90%
Estonie
90%
Népal
89%
Algérie
87%
Angola
87%
Russie
87%
Ouzbékistan
86%
Ouganda
85%
Andorre
81%
Mali
81%
Mauritanie
81%
Madagascar
80%
Géorgie
77%
Erythrée
74%
Maroc
74%
Malaisie
72%
Antigua-et-Barbuda
70%
Maldives
68%
Macédoine
63%
Malawi
63%
Malte
55%
Maurice
54%
Marshall
39%
Aucun quiz correspondant
Distribution des résultats
% des personnes avec chaque résultat
Percentile par nombre de réponses
Votre historique - résultats
Vous n’avez pas pris ce quiz